The only remaining African Country . . . - Statistics

General Stats
  • This quiz has been taken 685 times
  • The average score is 21 of 54
Answers on the Map
Answers color-coded by a green-red scale on the quiz's map according to % correct below.
 
Answer Stats
The only remaining country . . . Country % Correct
that participated in the Eurovision at least once Morocco
81%
having one of the 50 longest coastlines in the World Somalia
71%
having more than five colors on its flag South Africa
68%
having a capital with less than 5 letters South Sudan
67%
being an island nation Comoros
65%
that was (at least partly) colonized by Spain Equatorial Guinea
64%
starting with "S" Seychelles
61%
that was both a German and French colony Togo
57%
that is a one party state Eritrea
56%
that managed to get to at least the Quarterfinals in a World Cup Ghana
56%
being a monarchy Eswatini
55%
not being majority Christian or Muslim Mauritius
54%
that the Nile or either of its two main tributaries pass through Uganda
52%
having more than 250 islands Egypt
51%
that had at least 3 million tourists in 2024 Tunisia
51%
that has less than 20°C (68°F) average yearly temperature Lesotho
47%
having at least 5 000km (3107 miles) of total railway length Sudan
47%
that gained independence after 1980 Namibia
45%
having penguins in the wild Mozambique
44%
where more than 500 000 people died because of an ongoing armed conflict Ethiopia
43%
having a bigger GDP (Nominal) than Qatar Algeria
42%
having a life expectancy higher than 70 years Cape Verde
42%
getting on average at least 2.5 meters (8.2 feet) annual precipitation São Tomé and Príncipe
42%
being safer than South Korea (Global peace index) Madagascar
41%
that was visited by a sitting US president more than 3 times Senegal
39%
being a former portuguese colony Guinea-Bissau
38%
having one of the 30 highest forest area percentages Republic of the Congo
37%
having a population density of less than 5 people per km² (11 mi²) Botswana
36%
that the Prime Meridian goes through Burkina Faso
35%
having an average elevation of less than 70m (230 feet) Gambia
35%
that exported more than 1 billion dollars worth of diamonds in 2023 Angola
34%
not recognizing Palestine Cameroon
33%
being in OPEC or OPEC+ Nigeria
33%
that had at least 30% inflation rate as of 2023 Sierra Leone
32%
having a capital whose name includes "J" Chad
31%
having over 200 (not neccessarily official) languages Democratic Republic of the Congo
31%
not recognizing Israel Djibouti
31%
that became independent before 1955 Libya
31%
having over 11% adult prevalence rate of HIV Zimbabwe
31%
that had a succesful coup d'état after 2021 Niger
30%
that had at least 2 Nobel laureates Liberia
27%
having at least 5 official languages Mali
27%
with a city of over 5 000 000 inhabitants (urban area) Tanzania
25%
having a "high" or "very high" HDI Gabon
24%
ever winning an Olympic medal Kenya
23%
with a fertility rate higher than 5 Central African Republic
22%
whose Jetpunk-recognized capital is not the biggest city Ivory Coast
22%
whose biggest export partner is China Mauritania
19%
visited by a pope more than once Benin
18%
that was included in Trump's 2025 travel bans (including restricted visas) Burundi
18%
in Africa Guinea
18%
with a flag adopted after 2005 Malawi
18%
having a state religion Zambia
18%
that still had cases of smallpox in the 1970s Rwanda
17%
No matching quizzes found
Score Distribution
Percent of People with Each Score
Percentile by Number Answered
Your Score History
You have not taken this quiz